|
|
|
|
| LEADER |
01178nam a2200325 a 4500 |
| 001 |
EBC1114558 |
| 003 |
MiAaPQ |
| 005 |
20200520144314.0 |
| 006 |
m o d | |
| 007 |
cr cn||||||||| |
| 008 |
130208s2013 enkaf sb 001 0 eng d |
| 020 |
|
|
|z 9781841506142
|
| 020 |
|
|
|a 9781841507873 (electronic bk.)
|
| 035 |
|
|
|a (MiAaPQ)EBC1114558
|
| 035 |
|
|
|a (Au-PeEL)EBL1114558
|
| 035 |
|
|
|a (CaPaEBR)ebr10651467
|
| 035 |
|
|
|a (CaONFJC)MIL884615
|
| 035 |
|
|
|a (OCoLC)828734805
|
| 040 |
|
|
|a MiAaPQ
|c MiAaPQ
|d MiAaPQ
|
| 050 |
|
4 |
|a HF5823
|b .A38 2013
|
| 245 |
0 |
0 |
|a Advertising as culture
|h [electronic resource] /
|c edited by Chris Wharton.
|
| 260 |
|
|
|a Bristol :
|b Intellect,
|c 2013.
|
| 300 |
|
|
|a vi, 229 p., [8] p. of plates :
|b ill.
|
| 504 |
|
|
|a Includes bibliographical references and index.
|
| 533 |
|
|
|a Electronic reproduction. Ann Arbor, MI : ProQuest, 2015. Available via World Wide Web. Access may be limited to ProQuest affiliated libraries.
|
| 650 |
|
0 |
|a Advertising.
|
| 655 |
|
4 |
|a Electronic books.
|
| 700 |
1 |
|
|a Wharton, Chris.
|
| 710 |
2 |
|
|a ProQuest (Firm)
|
| 856 |
4 |
0 |
|u https://ebookcentral.proquest.com/lib/matrademy/detail.action?docID=1114558
|z Click to View
|